Электрореактивная двигательная установка космического аппарата "Канопус-В" и ее огневые испытания; Известия Томского политехнического университета [Известия ТПУ]; Т. 319, № 4 : Энергетика
| Parent link: | Известия Томского политехнического университета [Известия ТПУ]/ Томский политехнический университет (ТПУ).— , 2000- Т. 319, № 4 : Энергетика.— 2011.— [С. 144-147] |
|---|---|
| Altri autori: | , , , , |
| Riassunto: | Заглавие с титульного листа Электронная версия печатной публикации Описана первая электрореактивная двигательная установка для малого космического аппарата "Канопус-В". Ее особенностями являются малая масса и тяга, широкий диапазон входного напряжения и повышенная точность стабилизации напряжения разряда. Рассмотрены задачи проведения огневых испытаний, показаны основные измерительные средства, схема и результаты испытаний. |
| Lingua: | russo |
| Pubblicazione: |
2011
|
| Serie: | Энергетика |
| Soggetti: | |
| Accesso online: | http://www.lib.tpu.ru/fulltext/v/Bulletin_TPU/2011/v319/i4/31.pdf |
| Natura: | MixedMaterials Elettronico Capitolo di libro |
| KOHA link: | https://koha.lib.tpu.ru/cgi-bin/koha/opac-detail.pl?biblionumber=206034 |
MARC
| LEADER | 00000nla2a2200000 4500 | ||
|---|---|---|---|
| 001 | 206034 | ||
| 005 | 20231031190604.0 | ||
| 035 | |a (RuTPU)RU\TPU\book\224578 | ||
| 035 | |a RU\TPU\book\224577 | ||
| 090 | |a 206034 | ||
| 100 | |a 20111222d2011 k y0rusy50 ca | ||
| 101 | 0 | |a rus | |
| 102 | |a RU | ||
| 135 | |a drnn ---uucaa | ||
| 181 | 0 | |a i | |
| 182 | 0 | |a b | |
| 200 | 1 | |a Электрореактивная двигательная установка космического аппарата "Канопус-В" и ее огневые испытания |b Электронный ресурс |f В. А. Лесневский [и др.] | |
| 203 | |a Текст |c электронный | ||
| 215 | |a 1 файл (116 Кб) | ||
| 225 | 1 | |a Энергетика | |
| 230 | |a Электронные текстовые данные (1 файл : 116 Кб) | ||
| 300 | |a Заглавие с титульного листа | ||
| 300 | |a Электронная версия печатной публикации | ||
| 320 | |a [Библиогр.: с. 147 (4 назв.)] | ||
| 330 | |a Описана первая электрореактивная двигательная установка для малого космического аппарата "Канопус-В". Ее особенностями являются малая масса и тяга, широкий диапазон входного напряжения и повышенная точность стабилизации напряжения разряда. Рассмотрены задачи проведения огневых испытаний, показаны основные измерительные средства, схема и результаты испытаний. | ||
| 337 | |a Adobe Reader | ||
| 461 | 1 | |0 (RuTPU)RU\TPU\book\176237 |t Известия Томского политехнического университета [Известия ТПУ] |f Томский политехнический университет (ТПУ) |d 2000- | |
| 463 | 1 | |0 (RuTPU)RU\TPU\book\224153 |x 1684-8519 |t Т. 319, № 4 : Энергетика |v [С. 144-147] |d 2011 |p 190 с. | |
| 610 | 1 | |a стационарные плазменные двигатели | |
| 610 | 1 | |a электрореактивные двигательные установки | |
| 610 | 1 | |a питание | |
| 610 | 1 | |a системы управления | |
| 610 | 1 | |a электродинамические имитаторы | |
| 610 | 1 | |a тяговые модули | |
| 610 | 1 | |a малые космические аппараты | |
| 610 | 1 | |a огневые испытания | |
| 610 | 1 | |a результаты испытаний | |
| 610 | 1 | |a электронный ресурс | |
| 610 | 1 | |a системы | |
| 701 | 1 | |a Лесневский |b В. А. | |
| 701 | 1 | |a Махова |b Л. И. | |
| 701 | 1 | |a Михайлов |b М. В. | |
| 701 | 1 | |a Ходненко |b В. П. | |
| 701 | 1 | |a Хромов |b В. К. | |
| 801 | 1 | |a RU |b 63413507 |c 20090623 |g PSBO | |
| 801 | 2 | |a RU |b 63413507 |c 20211229 |g PSBO | |
| 856 | 4 | |u http://www.lib.tpu.ru/fulltext/v/Bulletin_TPU/2011/v319/i4/31.pdf | |
| 942 | |c CF | ||